| 000 | 00482nam a2200181Ia 4500 | ||
|---|---|---|---|
| 005 | 20260516172440.0 | ||
| 008 | 260514s9999 xx 000 0 und d | ||
| 020 | _a9788126160631 | ||
| 041 | _aeng | ||
| 082 | _a647.94068 SIN B2318 | ||
| 100 |
_a Sing Ranvijay _9217784 |
||
| 245 | _aFundamentals Of Hotel Managemnt Food Science | ||
| 260 |
_bAnmol Publication _aNew Delhi |
||
| 500 | _aHM | ||
| 650 | _aHospitality Industry | ||
| 651 |
_afood science _9217861 |
||
| 942 | _cBK | ||
| 999 |
_c370958 _d370958 |
||